[Event "Hradec Kralove Region-chT 0506"]
[Site "Czech Republic"]
[Date "2006.04.02"]
[Round "11.3"]
[White "Zatloukal, Vaclav"]
[Black "Pultar, Stanislav"]
[Result "1-0"]
[WhiteElo "1953"]
[BlackElo "1892"]
[PlyCount "77"]
[EventDate "2005.10.23"]
[EventType "team-tourn"]
[EventRounds "11"]
[EventCountry "CZE"]
[SourceTitle "EXT 2024"]
[Source "ChessBase"]
[SourceDate "2023.10.10"]
[SourceVersion "1"]
[SourceVersionDate "2023.10.10"]
[SourceQuality "1"]
[WhiteTeam "Rychnov nad Kneznou"]
[BlackTeam "Jaromer Jiskra"]
[WhiteTeamCountry "CZE"]
[BlackTeamCountry "CZE"]

1. e4 e5 2. Nf3 Nc6 3. Bb5 a6 4. Ba4 Nf6 5. 0-0 Be7 6. Re1 b5 7. Bb3 d6 8. c3 0-0 9. h3 Na5 10. Bc2 c5 11. d4 Qc7 12. Nbd2 Re8 13. d5 Bf8 14. Nf1 h6 15. g4 Nh7 16. Ng3 g6 17. Kh2 Bg7 18. Rg1 Qe7 19. b3 Bd7 20. Be3 Nb7 21. Qd2 Qf8 22. Rg2 Rec8 23. Rag1 g5 24. Nf5 f6 25. h4 Be8 26. Kg3 Bg6 27. Rh2 Bxf5 28. gxf5 Qf7 29. Rgh1 Kf8 30. hxg5 Nxg5 31. Bxg5 fxg5 32. Rxh6 Bxh6 33. Rxh6 Nd8 34. Qxg5 Qg7 35. Rg6 Ra7 36. Nh4 Qh7 37. Rh6 Qg7 38. Ng6+ Kf7 39. Qh5 1-0

[Event "Hradec Kralove Region-chT 0506"]
[Site "Czech Republic"]
[Date "2006.03.19"]
[Round "10.3"]
[White "Pultar, Stanislav"]
[Black "Mares, Ilja"]
[Result "0-1"]
[WhiteElo "1892"]
[BlackElo "1882"]
[PlyCount "68"]
[EventDate "2005.10.23"]
[EventType "team-tourn"]
[EventRounds "11"]
[EventCountry "CZE"]
[SourceTitle "EXT 2024"]
[Source "ChessBase"]
[SourceDate "2023.10.10"]
[SourceVersion "1"]
[SourceVersionDate "2023.10.10"]
[SourceQuality "1"]
[WhiteTeam "Jaromer Jiskra"]
[BlackTeam "Lipa II"]
[WhiteTeamCountry "CZE"]
[BlackTeamCountry "CZE"]

1. Nf3 Nf6 2. d4 g6 3. c4 Bg7 4. Nc3 0-0 5. e4 d6 6. Be2 c6 7. 0-0 Qc7 8. Qc2 e5 9. dxe5 dxe5 10. b3 Nbd7 11. Ba3 Re8 12. Rad1 Bf8 13. Bxf8 Nxf8 14. Rd2 Bg4 15. h3 Bxf3 16. Bxf3 Ne6 17. Ne2 Rad8 18. Rfd1 Ng5 19. Nc3 Nxf3+ 20. gxf3 Qe7 21. Rxd8 Rxd8 22. Rxd8+ Qxd8 23. Qd1 Qd4 24. Qc2 Nh5 25. Ne2 Qd8 26. Qc1 Qd3 27. Qe3 Qb1+ 28. Nc1 Qc2 29. Qe1 Nf4 30. Kh2 Ne6 31. h4 h5 32. Kg2 Nd4 33. Qe3 Ne6 34. Nd3 Qxd3 0-1

[Event "Hradec Kralove Region-chT 0506"]
[Site "Czech Republic"]
[Date "2006.01.22"]
[Round "6.3"]
[White "Cerovsky, Marek"]
[Black "Pultar, Stanislav"]
[Result "1-0"]
[WhiteElo "1930"]
[BlackElo "1892"]
[PlyCount "97"]
[EventDate "2005.10.23"]
[EventType "team-tourn"]
[EventRounds "11"]
[EventCountry "CZE"]
[SourceTitle "EXT 2024"]
[Source "ChessBase"]
[SourceDate "2023.10.10"]
[SourceVersion "1"]
[SourceVersionDate "2023.10.10"]
[SourceQuality "1"]
[WhiteTeam "Dvur Kralove nad Labem"]
[BlackTeam "Jaromer Jiskra"]
[WhiteTeamCountry "CZE"]
[BlackTeamCountry "CZE"]

1. d4 Nf6 2. Nf3 e6 3. c4 d5 4. Nc3 Be7 5. cxd5 exd5 6. Bg5 0-0 7. e3 c6 8. Qc2 Nbd7 9. Bd3 Re8 10. 0-0 Nf8 11. Rab1 h6 12. Bxf6 Bxf6 13. b4 b6 14. a4 Re7 15. Ne2 Bb7 16. Ng3 g6 17. Rfc1 Rc8 18. Nd2 Bg7 19. Nb3 Rcc7 20. a5 Bc8 21. Qa2 Be6 22. Rc2 Bd7 23. Rbc1 Be8 24. Rc3 Kh8 25. Qc2 Ne6 26. Ne2 Qd6 27. b5 c5 28. axb6 axb6 29. Nxc5 bxc5 30. dxc5 Qe5 31. b6 Rb7 32. Ba6 Rb8 33. Qb3 Bc6 34. Bb5 Nd8 35. Nd4 Bxb5 36. Qxb5 Reb7 37. Qa4 Qe7 38. Rb3 Bxd4 39. exd4 Rc8 40. h3 Qe6 41. Re3 Qd7 42. Re8+ Kg7 43. Qxd7 Rxd7 44. Rxd8 Rdxd8 45. c6 Kf6 46. c7 Rd6 47. b7 Rxc7 48. Rxc7 Rb6 49. Rc6+ 1-0

[Event "Hradec Kralove Region-chT 0506"]
[Site "Czech Republic"]
[Date "2005.12.11"]
[Round "4.3"]
[White "Ruda, Ondrej"]
[Black "Pultar, Stanislav"]
[Result "1-0"]
[WhiteElo "2084"]
[BlackElo "1892"]
[PlyCount "27"]
[EventDate "2005.10.23"]
[EventType "team-tourn"]
[EventRounds "11"]
[EventCountry "CZE"]
[SourceTitle "EXT 2024"]
[Source "ChessBase"]
[SourceDate "2023.10.10"]
[SourceVersion "1"]
[SourceVersionDate "2023.10.10"]
[SourceQuality "1"]
[WhiteTeam "Lipa"]
[BlackTeam "Jaromer Jiskra"]
[WhiteTeamCountry "CZE"]
[BlackTeamCountry "CZE"]

1. e4 e5 2. Nf3 Nc6 3. Bc4 Nf6 4. d4 exd4 5. e5 d5 6. Bb5 Ne4 7. Nxd4 Bd7 8. Nxc6 bxc6 9. Bd3 Nc5 10. 0-0 Nxd3 11. Qxd3 Bc5 12. Qg3 g6 13. e6 fxe6 14. Qc3 1-0

[Event "Hradec Kralove Region-chT 0506"]
[Site "Czech Republic"]
[Date "2005.10.23"]
[Round "1.3"]
[White "Pultar, Stanislav"]
[Black "Spacek, Libor"]
[Result "0-1"]
[WhiteElo "1892"]
[BlackElo "2184"]
[PlyCount "136"]
[EventDate "2005.10.23"]
[EventType "team-tourn"]
[EventRounds "11"]
[EventCountry "CZE"]
[SourceTitle "EXT 2024"]
[Source "ChessBase"]
[SourceDate "2023.10.10"]
[SourceVersion "1"]
[SourceVersionDate "2023.10.10"]
[SourceQuality "1"]
[WhiteTeam "Jaromer Jiskra"]
[BlackTeam "Vrchlabi"]
[WhiteTeamCountry "CZE"]
[BlackTeamCountry "CZE"]

1. d4 Nf6 2. c4 g6 3. Nc3 Bg7 4. e4 d6 5. Nf3 0-0 6. Be2 c6 7. 0-0 Qc7 8. Ne1 e5 9. d5 Nbd7 10. Be3 Ne8 11. f3 f5 12. Nd3 Nef6 13. Rc1 c5 14. Qc2 a6 15. a3 Nb6 16. b3 f4 17. Bf2 g5 18. g4 fxg3 19. Bxg3 Bh6 20. Nf2 Nh5 21. Ng4 Qg7 22. Rce1 Nf4 23. Nd1 Qg6 24. Nxh6+ Qxh6 25. Ne3 Bh3 26. Rf2 Nd7 27. Bf1 Nf6 28. Bxf4 gxf4 29. Bxh3 Qxh3 30. Nf5 Rad8 31. Qe2 Kf7 32. Kh1 Rg8 33. Rg1 Rg6 34. Qf1 Qxf1 35. Rfxf1 Ng8 36. Rf2 Ne7 37. Nxe7 Kxe7 38. Rfg2 Kf6 39. Rg4 b5 40. Rh4 Rd7 41. Rxg6+ Kxg6 42. Rg4+ Kf7 43. cxb5 axb5 44. Rg2 Ra7 45. Ra2 Ke8 46. Kg2 Kd8 47. Kf2 Kc7 48. Ra1 Kb6 49. Ke2 Rg7 50. Kf2 Ka5 51. a4 Kb4 52. axb5 Kxb5 53. Ra8 Rb7 54. Rd8 Rb6 55. Rd7 Kb4 56. Rxh7 Kxb3 57. Rc7 Kc3 58. Kg2 Kd3 59. Rc6 Rb2+ 60. Kh3 c4 61. Rxd6 c3 62. Rc6 c2 63. Kg4 Rb4 64. Kf5 Rc4 65. Ra6 c1Q 66. Kxe5 Qb2+ 67. Ke6 Ke3 68. e5 Kxf3 0-1